00640nam a2200241 a 4500001001300000003000900013005001700022008004100039020001000080082001300090100001900103245001000122260003800132300000800170500003500178505001000213650001200223700001900235902000800254942000700262952011400269999001500383nice12345678IN_TiNIC20260116012825.0050524s1987 laha grp 000 0 urd  ac10000a264bAAS aAasam, Sarhadi aRooza aLahorebMasihi Ishaat Khanac1987 a60p aincludes index and biblioraphy2 aIndex aWorship1 aAasam, Sarhadi bSRS cBK 001040708StackRoom-aHMIbHMId2007-07-11g100.00l0o264 AASp013262r2007-07-11v100.00w2005-05-24yBK c8528d8528